000 00668nam a2200229Ia 4500
003 OSt
005 20220923221751.0
006 a|||||r|||| 00| 0
007 ta
008 220922b |||||||| |||| 00| 0 hin d
024 _a199,941
037 _cTextual
040 _aARTS
_cARTS
_bhin
041 _2hin
_ahin
082 _aQ29D98, 152J0-;1
100 _aद्विवदी, हजारीप्रसाद
245 0 _aनाथ संप्रदाय
246 _aNāth sanpradāya
260 _c1982
942 _hQ29D98, 152J0-;1
_cTEXL
_2CC
999 _c351643
_d351643